000 01230nam a22002897a 4500
999 _c65497
_d65497
005 20240530110828.0
008 190808s2018 ua g bd 000 0 ara d
017 _a2018/7310
_bمصر. دار الكتب
020 _a9789770531990
040 _aEG-CaGPL
_cEG-CaGPL
082 0 4 _221
_a150.195/
_bأ ق
100 1 _aايفانز، ديلان
245 1 0 _aقاموس لاكان التمهيدى فى التحليل النفسى =
_bAn Introductory Dictionary of Lacanian Psychoanalysis /
_cديلان ايفانز ؛ ترجمة محمد احمد محمود خطاب
246 1 1 _aAn Introductory Dictionary of Lacanian Psychoanalysis
250 _aط.1
260 _aالقاهرة :
_bمكتبة الانجلو المصرية ،
_c2018.
300 _a428 ص. ؛
_c24 سم.
504 _aيشتمل على ارجاعات ببليوجرافية
650 0 7 _2qrmak
_aالتحليل النفسى
_vمعاجم
650 0 7 _2qrmak
_aالتكيف النفسى
650 0 7 _2qrmak
_aعلم الفس الفيسولوجى
650 0 7 _2qrmak
_aالعلاج النفسى
651 _2qrmak
700 0 _aمحمد احمد محمود خطاب
_eمترجم
942 _2ddc
_cBK